Random Words by Dictionary Definition - Statistics

General Stats
  • This quiz has been taken 25 times
  • The average score is 7 of 26
Answer Stats
Definition Word % Correct
A wide street or road in a town avenue
83%
A Christian festival marking the resurrection of Jesus Christ Easter
83%
A dealer in flowers and ornamental plants florist
83%
An intense fear or dislike of foreign people, their customs and cultures xenophobia
50%
A platform projecting from the interior or exterior wall of a building balcony
46%
A small protective cap for a finger thimble
46%
A gold coin worth 21 shillings guinea
42%
An owner or controller of an industrial concern industrialist
29%
To twist something in order to force liquid out of it wring
29%
A small hill or mound hillock
21%
In Islamic mythology, a spirit that can take on various human and animal forms jinni
21%
A garden or area of a garden that has large stones in it with plants rockery
21%
Relating to words vocabular
21%
Yes (informal) yep
21%
A Polish national dance, similar to the polka mazurka
17%
Lively enjoyment and enthusiasm zest
17%
A pair of hardwood sticks that are hit together to make a clicking sound clave
13%
To avoid doing work, study or duties skive
13%
A dreadful fate, especially death or utter ruin doom
8%
Loose-fitting short breeches gathered at or just below the knee knickerbockers
8%
Offensive to conventional standards of decency obscene
8%
Puzzlingly or suspiciously new or novel newfangled
4%
In any case and despite anything else leastways
0%
The human spirit or soul psyche
0%
A medieval knight's target for jousting practice quintain
0%
Lacking melodic qualities and consequently unpleasant to hear unmusical
0%
No matching quizzes found
Score Distribution
Percent of People with Each Score
Percentile by Number Answered
Your Score History
You have not taken this quiz